00479nam a2200157Ia 4500003000900000008004100009040001600050080001500066100001600081245011800097260002600215300001600241650001900257650002500276650002000301IN-BaIIA211028s9999 xx 000 0 eng d cIIA Library a539.1bLOC aLock, W. O. 0aIntermediate energy nuclear physicscW. O. Lock and Measday D. F.  aLondonbMethuenc1970 axiii, 320p. aNASA Thesaurus aNuclear interactions aNuclear physics